SME-nvironment 2003: construction (Record no. 73163)
[ view plain ]
| 000 -LEADER | |
|---|---|
| fixed length control field | 01446cam a2200229 4500 |
| 001 - CONTROL NUMBER | |
| control field | ABS66893 |
| 008 - FIXED-LENGTH DATA ELEMENTS--GENERAL INFORMATION | |
| fixed length control field | 111219s2003 000 0 eng u |
| 035 ## - SYSTEM CONTROL NUMBER | |
| System control number | (Sirsi) u123192 |
| 245 ## - TITLE STATEMENT | |
| Title | SME-nvironment 2003: construction |
| 260 ## - PUBLICATION, DISTRIBUTION, ETC. | |
| Date of publication, distribution, etc. | 2003 |
| 490 ## - SERIES STATEMENT | |
| Series statement | Building Engineer |
| Volume/sequential designation | August 2003, 30-31(2) |
| 520 ## - SUMMARY, ETC. | |
| Summary, etc. | Presents the findings of the 2003 SME-nvironment survey of 332 small and medium-sized construction businesses in the UK. The survey looked at the environmental behaviour of SMEs and was conducted for NetRegs, a website designed to help SMEs understand environmental legislation. Article discusses the findings of the survey under the following key areas: positive environmental measures; high risk activities; environmental policy, legislative awareness; environmental motivators; business benefits of environmental good practice; sources of advice and modes of communication. The survey concluded that many SMEs in the construction sector have low awareness of their environmental impact and want more information and advice on green issues. |
| 590 ## - LOCAL NOTE (RLIN) | |
| Local note | ABS |
| 650 ## - SUBJECT ADDED ENTRY--TOPICAL TERM | |
| Topical term or geographic name entry element | SMES |
| 650 ## - SUBJECT ADDED ENTRY--TOPICAL TERM | |
| Topical term or geographic name entry element | SMALL BUSINESSES |
| 650 ## - SUBJECT ADDED ENTRY--TOPICAL TERM | |
| Topical term or geographic name entry element | ENVIRONMENTAL IMPACT |
| 650 ## - SUBJECT ADDED ENTRY--TOPICAL TERM | |
| Topical term or geographic name entry element | ENVIRONMENTAL PERFORMANCE |
| 650 ## - SUBJECT ADDED ENTRY--TOPICAL TERM | |
| Topical term or geographic name entry element | CONSTRUCTION INDUSTRY |
| 690 ## - LOCAL SUBJECT ADDED ENTRY--TOPICAL TERM (OCLC, RLIN) | |
| Topical term or geographic name as entry element | ENVIRONMENT-AUDIT/ASSESSMENT |
| 856 40 - ELECTRONIC LOCATION AND ACCESS | |
| Uniform Resource Identifier | <a href="https://www.environment-agency.gov.uk/netregs/links/63809.aspx">https://www.environment-agency.gov.uk/netregs/links/63809.aspx</a> |
| Public note | View the survey free of charge at www.environment-agency.gov.uk |
| 942 ## - ADDED ENTRY ELEMENTS (KOHA) | |
| Suppress in OPAC | 0 |
| Withdrawn status | Lost status | Source of classification or shelving scheme | Damaged status | Not for loan | Home library | Current library | Shelving location | Date acquired | Total Checkouts | Full call number | Barcode | Date last seen | Copy number | Price effective from | Koha item type |
|---|---|---|---|---|---|---|---|---|---|---|---|---|---|---|---|
| Dewey Decimal Classification | London | London | Journal article | 05/08/2003 | ABS66893 | 123192-1001 | 06/08/2019 | 1 | 06/08/2019 | Journal article |